000 00711nam a2200241Ia 4500
003 OSt
005 20220923224441.0
006 a|||||r|||| 00| 0
007 ta
008 Pun
024 _a233,082
037 _cTextual
040 _aARTS
_cARTS
_bPun
041 _2Pun
_aPun
082 _aO153,1NPU6x, N3
100 _aਪੁਰੀ, ਰਕFਤ
245 0 _aਪਰਛਾਂਵਿਆਂ ਨੂੰ ਪਰ ਲੱਗੇ
260 _aਨਵੀੂ ਦਿੱਲੀ
_b ਵੈੱਲਵਿF ਪਬਲਿFਰਗ਼
_c1993
300 _a40ਪੰ
_ccm.
650 _aਪੰਜਾਬੀ ਸਾਹਿਤ
942 _hO153,1NPU6x, N3
_cTEXL
_2CC
999 _c371537
_d371537